[Event "GRE-chT"]
[Site "Athens"]
[Date "1996.??.??"]
[Round "5"]
[White "Dimbas, Dimitrios"]
[Black "Tantsis, Georgios"]
[Result "1/2-1/2"]
[WhiteElo "2060"]
[BlackElo "2150"]
[PlyCount "31"]
[EventDate "1996.??.??"]
[EventType "team"]
[EventRounds "9"]
[EventCountry "GRE"]
[SourceTitle "CBM 055 Extra"]
[Source "ChessBase"]
[SourceDate "1997.01.01"]
[SourceVersion "1"]
[SourceVersionDate "1997.01.01"]
[SourceQuality "1"]

1. e4 e6 2. d4 d5 3. Nc3 Bb4 4. e5 Ne7 5. a3 Bxc3+ 6. bxc3 c5 7. Qg4 Qc7 8. Qxg7 Rg8 9. Qxh7 cxd4 10. Ne2 Nbc6 11. f4 Bd7 12. Qd3 dxc3 13. Nxc3 Nf5 14. g3 Ncd4 15. Bd2 Rc8 16. Rc1 1/2-1/2

[Event "GRE-chT"]
[Site "Athens"]
[Date "1996.??.??"]
[Round "8"]
[White "Metaxas, Petros"]
[Black "Dimbas, Dimitrios"]
[Result "1-0"]
[WhiteElo "2205"]
[BlackElo "2060"]
[PlyCount "79"]
[EventDate "1996.??.??"]
[EventType "team"]
[EventRounds "9"]
[EventCountry "GRE"]
[SourceTitle "CBM 055 Extra"]
[Source "ChessBase"]
[SourceDate "1997.01.01"]
[SourceVersion "1"]
[SourceVersionDate "1997.01.01"]
[SourceQuality "1"]

1. d4 Nf6 2. Nf3 e6 3. c4 d5 4. Nc3 Nbd7 5. cxd5 exd5 6. Bg5 c6 7. e3 Be7 8. Qc2 h6 9. Bh4 0-0 10. Bd3 Re8 11. 0-0 Ne4 12. Bxe7 Qxe7 13. Nd2 Ndf6 14. Rab1 Nxd2 15. Qxd2 Ne4 16. Qc2 Nxc3 17. bxc3 c5 18. a4 b6 19. a5 c4 20. Bh7+ Kh8 21. axb6 axb6 22. Rxb6 Qg5 23. Rd6 Bh3 24. f4 Qxg2+ 25. Qxg2 Bxg2 26. Kxg2 Kxh7 27. Kf3 Red8 28. Rxd8 Rxd8 29. e4 dxe4+ 30. Kxe4 Kg6 31. d5 f5+ 32. Kd4 Re8 33. d6 Kf6 34. Kd5 Re3 35. Kc6 Rd3 36. d7 g5 37. Kc7 gxf4 38. Rxf4 Ke7 39. Rd4 Rxd4 40. cxd4 1-0